[Event "Tourn. n10086"]
[Site "www.echecsemail.com"]
[Date "2019.07.07"]
[Round "1"]
[White "Stepanpech"]
[Black "Tartan"]
[WhiteElo "2560"]
[BlackElo "2510"]
[Result "1-0"]
[Round "1"]
1.e4 e6
2.d4 d5
3.Nb1c3 Bf8b4
4.e5 Qd8d7
5.Qd1g4 f5
6.Qg4g3 b6
7.Bc1d2 Bc8a6
8.Bf1xa6 Nb8xa6
9.Ng1e2 Bb4xc3
10.bxc3 Kf7
11.O-O Qd7a4
12.Bd2g5 Qa4xc2
13.Ne2f4 Qc2a4
14.Rf1e1 Qa4a3
15.Re1e3 Ra8e8
16.Qg3f3 Ng8e7
17.c4 Qa3b2
18.Ra1d1 c6
19.Re3a3 { resign }
1-0

[Event "Match"]
[Site "www.echecsemail.com"]
[Date "2019.07.07"]
[Round "1"]
[White "Jackbauer"]
[Black "Ditto"]
[WhiteElo "1910"]
[BlackElo "1780"]
[Result "1-0"]
[Round "1"]
1.e4 e5
2.f4 exf4
3.Ng1f3 Bf8c5
4.d4 Bc5b6
5.Bc1xf4 d6
6.Bf1c4 Bc8g4
7.O-O Nb8d7
8.c3 a6
9.Kh1 Qd8e7
10.h3 h5
11.Nb1d2 Qe7f6
12.Bf4g5 Qf6g6
13.Bc4d3 Bg4xf3
14.Nd2xf3 f6
15.e5 dxe5
16.Bd3xg6 Kf8
17.Bg5h4 Ng8e7
18.Bg6c2 Ne7d5
19.Bc2e4 c6
20.Nf3g5 Nd5f4
21.Ng5f3 g5
22.dxe5 gxh4
23.Qd1xd7 Ra8d8
24.Qd7f5 Nf4e2
25.Qf5xf6 Kg8
26.Rf1d1 Ne2g3
27.Kh2 Ng3xe4
28.Rd1xd8 Bb6xd8
29.Qf6xd8 Kg7
30.Qd8e7 Kh6
31.Ra1e1 Ne4g3
32.Qe7g5 Kh7
33.Qg5xh4 Ng3f5
34.Qh4xh5 Nf5h6
35.Nf3g5 Kg7
36.e6 Rh8f8
37.e7 { resign }
1-0

[Event "Match"]
[Site "www.echecsemail.com"]
[Date "2019.07.07"]
[Round "1"]
[White "Geodad5"]
[Black "Tbsundar"]
[WhiteElo "2100"]
[BlackElo "2190"]
[Result "1-0"]
[Round "1"]
1.e4 e5
2.Ng1f3 Nb8c6
3.d4 exd4
4.Nf3xd4 Bf8c5
5.Nd4b3 Bc5b6
6.Bf1d3 Ng8f6
7.O-O O-O
8.Nb1c3 d6
9.h3 h6
10.a3 Bc8e6
11.Rf1e1 Be6xb3
12.cxb3 Nf6d7
13.Bc1e3 Nc6d4
14.Ra1c1 c5
15.Nc3d5 Nd7e5
16.Be3xd4 cxd4
17.Rc1c2 Kh8
18.f4 Ne5xd3
19.Qd1xd3 Qd8h4
20.Re1c1 Bb6d8
21.Qd3xd4 Bd8f6
22.Nd5xf6 gxf6
23.Qd4xd6 Ra8d8
24.Qd6e7 Qh4xf4
25.Rc1f1 Qf4e5
26.Qe7xf6 Qe5xf6
27.Rf1xf6 Kg7
28.Rf6f4 Rd8d3
29.b4 Rf8d8
30.Rc2f2 Rd8d7
31.Rf4f3 Rd3xf3
32.gxf3 Rd7d3
33.Kg2 Kf6
34.Kg3 Ke5
35.Rf2c2 Ke6
36.Rc2c7 Rd3d7
37.Rc7xd7 Kxd7
38.f4 a5
39.bxa5 Kc6
40.f5 Kd6
41.Kf4 f6
42.b4 h5
43.h4 Kc6
44.e5 Kd5
45.exf6 Kd6
46.Kg5 Kd7
47.Kg6 Ke8
48.Kg7 { resign }
1-0

[Event "1/128 Finale"]
[Site "www.chess-mail.com"]
[Date "2019.07.07"]
[Round "1"]
[White "Picifarkinca"]
[Black "Leonger"]
[WhiteElo "1830"]
[BlackElo "2100"]
[Result "1-0"]
[Round "1"]
1.Ng1f3 d5
2.c4 Ng8f6
3.d4 c6
4.cxd5 cxd5
5.Bc1f4 Nb8c6
6.Nb1c3 e6
7.e3 Bf8b4
8.Bf4g5 Qd8a5
9.Bg5xf6 Bb4xc3
10.bxc3 Qa5xc3
11.Nf3d2 gxf6
12.Bf1e2 Qc3a3
13.O-O Bc8d7
14.Qd1b3 Qa3xb3
15.Nd2xb3 b6
16.Rf1c1 O-O-O
17.Be2a6 Kb8
18.Nb3c5 bxc5
19.Ra1b1 { resign }
1-0

[Event "1/64 Finale"]
[Site "www.chess-mail.com"]
[Date "2019.07.07"]
[Round "1"]
[White "Reignblowcan"]
[Black "Szustan"]
[WhiteElo "2630"]
[BlackElo "2620"]
[Result "1/2-1/2"]
[Round "1"]
1.c4 e5
2.Nb1c3 Ng8f6
3.Ng1f3 Nb8c6
4.d4 exd4
5.Nf3xd4 Bf8b4
6.Bc1g5 h6
7.Bg5h4 Bb4xc3
8.bxc3 O-O
9.e3 Rf8e8
10.Nd4xc6 dxc6
11.Qd1xd8 Re8xd8
12.f3 Bc8e6
13.Bf1e2 Rd8d7
14.e4 Nf6h5
15.Ra1d1 Rd7xd1
16.Kxd1 c5
17.Kc2 b6
18.Rh1d1 g5
19.Bh4e1 Nh5f4
20.Be2f1 Nf4g6
21.Bf1e2 Ng6f4
{ draw }
1/2-1/2

[Event "Fast Game"]
[Site "www.echecsemail.com"]
[Date "2019.07.07"]
[Round "1"]
[White "Leonger"]
[Black "Comrade"]
[WhiteElo "2039"]
[BlackElo "1899"]
[Result "0-1"]
[Round "1"]
1.e4 c5
2.Ng1f3 Nb8c6
3.d4 cxd4
4.Nf3xd4 d6
5.Bf1b5 Bc8d7
6.O-O Ng8f6
7.Nb1c3 e5
8.Nd4xc6 Bd7xc6
9.Bb5xc6 bxc6
10.f4 Nf6d7
{ time. }
0-1

[Event "Tourn. n10158"]
[Site "www.echecsemail.com"]
[Date "2019.07.08"]
[Round "1"]
[White "Apdash"]
[Black "Orhany24"]
[WhiteElo "2200"]
[BlackElo "2120"]
[Result "0-1"]
[Round "1"]
1.e4 c5
2.Ng1f3 Nb8c6
3.Bf1c4 d6
4.O-O Ng8f6
5.Qd1e2 a6
6.a4 Bc8e6
7.Bc4xe6 fxe6
8.Nb1c3 g6
9.d3 Bf8g7
10.Bc1g5 O-O
11.e5 Nf6d5
12.Nc3xd5 exd5
13.e6 d4
14.Qe2d2 Nc6e5
15.Nf3h4 b5
16.f4 Ne5g4
17.axb5 Ng4e3
18.f5 gxf5
19.Bg5xe3 dxe3
20.Qd2xe3 Bg7d4
21.Ra1e1 Bd4xe3
22.Re1xe3 f4
23.Re3e4 axb5
24.Nh4f3 Rf8f6
25.Nf3g5 Qd8a5
26.Rf1f3 Ra8f8
27.Rf3h3 h6
28.Ng5f7 Rf8xf7
29.exf7 Kxf7
30.Rh3f3 e5
{ resign }
0-1

[Event "Tourn. n10158"]
[Site "www.echecsemail.com"]
[Date "2019.07.08"]
[Round "1"]
[White "Orhany24"]
[Black "Fantomas"]
[WhiteElo "2120"]
[BlackElo "2210"]
[Result "1-0"]
[Round "1"]
1.d4 d5
2.Ng1f3 Ng8f6
3.c4 e6
4.Nb1c3 h6
5.Bc1f4 c6
6.e3 Bf8e7
7.c5 b6
8.b4 O-O
9.Bf1d3 Nb8d7
10.Nf3e5 Bc8b7
11.O-O Rf8e8
12.Bf4g3 Nf6h5
13.f4 Nh5xg3
14.hxg3 Nd7f8
15.Qd1h5 f5
16.g4 Bb7c8
17.Kf2 Be7f6
18.Qh5f7 Kh8
19.Rf1h1 Bf6xe5
20.dxe5 Re8e7
21.Qf7h5 Bc8d7
22.g5 Bd7e8
23.Qh5h3 h5
24.Bd3e2 g6
25.g4 Re7h7
26.gxh5 gxh5
27.Qh3g2 Be8g6
28.Rh1h4 Qd8e8
29.Ra1h1 Kg7
30.Be2d1 Nf8d7
31.Qg2f1 Qe8f7
32.Nc3a4 b5
33.Na4c3 Ra8h8
34.Nc3e2 Nd7b8
35.Ne2g3 Nb8a6
36.a3 Na6c7
37.Rh1h2 Nc7e8
38.Qf1h1 Kg8
39.Ng3xh5 Ne8g7
40.Nh5f6 { resign }
1-0

[Event "Tourn. n10144"]
[Site "www.echecsemail.com"]
[Date "2019.07.08"]
[Round "1"]
[White "Ff333"]
[Black "Francesco"]
[WhiteElo "2020"]
[BlackElo "2150"]
[Result "1-0"]
[Round "1"]
1.e4 c6
2.d4 d5
3.e5 Bc8f5
4.c4 e6
5.c5 Nb8d7
6.b4 a5
7.b5 Ng8e7
8.b6 Bf5g6
9.Bf1d3 h6
10.Ng1f3 Bg6xd3
11.Qd1xd3 Ne7g6
12.O-O Bf8e7
13.a4 O-O
14.Nb1d2 Ng6f4
15.Qd3e3 Nf4g6
16.Nd2b3 Ra8a6
17.Bc1d2 Qd8a8
18.Qe3e1 Ng6h4
19.Nf3xh4 Be7xh4
20.Qe1e2 Bh4e7
21.Qe2g4 Kh7
22.f4 f5
23.exf6 Rf8xf6
24.Ra1e1 Nd7f8
25.f5 Qa8c8
26.Re1e5 Nf8d7
27.Re5xe6 { resign }
1-0

[Event "Tourn. n10151"]
[Site "www.echecsemail.com"]
[Date "2019.07.08"]
[Round "1"]
[White "Tonino1"]
[Black "Picifarkinca"]
[WhiteElo "2040"]
[BlackElo "1830"]
[Result "1-0"]
[Round "1"]
1.f4 c5
2.e3 e6
3.d4 d5
4.c3 Nb8c6
5.Bf1d3 cxd4
6.exd4 Ng8f6
7.Ng1f3 Bf8e7
8.Qd1e2 O-O
9.O-O Qd8b6
10.Nf3e5 Bc8d7
11.Ne5xd7 Nf6xd7
12.Rf1f3 Nd7f6
13.Rf3h3 h6
14.Nb1d2 Ra8e8
15.Nd2f3 Be7d6
16.Nf3e5 Bd6xe5
17.fxe5 { resign }
1-0

[Event "1/64 Finale"]
[Site "www.chess-mail.com"]
[Date "2019.07.08"]
[Round "1"]
[White "Szustan"]
[Black "Claudia"]
[WhiteElo "2580"]
[BlackElo "2170"]
[Result "1-0"]
[Round "1"]
1.e4 c5
2.c3 d5
3.exd5 Qd8xd5
4.d4 Ng8f6
5.Ng1f3 Bc8g4
6.Bf1e2 e6
7.h3 Bg4h5
8.O-O Nb8c6
9.Bc1e3 cxd4
10.cxd4 Bf8e7
11.Nb1c3 Qd5d6
12.Qd1b3 Qd6b4
13.Qb3xb4 Nc6xb4
14.Rf1c1 O-O
15.a3 Nb4d5
16.g4 Bh5g6
17.Nf3e5 Ra8c8
18.Be2f3 Nd5xc3
19.bxc3 Bg6e4
20.g5 Be4xf3
21.gxf6 { resign }
1-0

[Event "Match"]
[Site "www.echecsemail.com"]
[Date "2019.07.09"]
[Round "1"]
[White "Liencam2"]
[Black "Apdash"]
[WhiteElo "2200"]
[BlackElo "2200"]
[Result "1-0"]
[Round "1"]
1.e4 c5
2.Nb1c3 d6
3.Ng1f3 a6
4.d4 cxd4
5.Nf3xd4 Ng8f6
6.Bc1g5 e5
7.Nd4f3 Bf8e7
8.Bf1e2 Nb8c6
9.Qd1d2 Bc8g4
10.O-O-O Bg4xf3
11.gxf3 Nc6d4
12.f4 b5
13.Bg5xf6 Be7xf6
14.Nc3d5 Bf6h4
15.fxe5 dxe5
16.Be2g4 O-O
17.f4 f5
18.exf5 Qd8xd5
19.fxe5 Rf8d8
20.c3 Qd5c5
21.Qd2f4 h6
22.Kb1 Nd4c6
23.f6 Nc6xe5
24.Bg4e6 Kh8
25.fxg7 Kxg7
26.Qf4xh4 Rd8xd1
27.Rh1xd1 Qc5c7
28.Rd1g1 Ne5g6
29.Be6f5 { resign }
1-0

[Event "Tourn. n10159"]
[Site "www.echecsemail.com"]
[Date "2019.07.09"]
[Round "1"]
[White "Reignblowcan"]
[Black "Sbb"]
[WhiteElo "2640"]
[BlackElo "2760"]
[Result "1/2-1/2"]
[Round "1"]
1.c4 c5
2.Ng1f3 Ng8f6
3.d4 cxd4
4.Nf3xd4 b6
5.f3 e6
6.e4 Bf8b4
7.Nb1c3 O-O
8.Bf1e2 Nb8c6
9.a3 Bb4xc3
10.bxc3 Nc6a5
11.Nd4b5 Bc8a6
12.a4 Qd8b8
13.Qd1d6 Ba6xb5
14.Qd6xb8 Rf8xb8
15.axb5 Na5b3
16.Ra1b1 Nb3xc1
17.Rb1xc1 a5
18.bxa6 Ra8xa6
19.Kf2 Kf8
20.e5 Nf6e8
21.Rc1a1 Ra6xa1
22.Rh1xa1 d6
23.f4 dxe5
24.fxe5 f6
25.Ra1b1 { draw }
1/2-1/2

[Event "Tourn. n10160"]
[Site "www.echecsemail.com"]
[Date "2019.07.09"]
[Round "1"]
[White "Apdash"]
[Black "Add"]
[WhiteElo "2230"]
[BlackElo "2050"]
[Result "1-0"]
[Round "1"]
1.e4 e5
2.Ng1f3 Nb8c6
3.d4 exd4
4.Nf3xd4 Nc6e5
5.Bf1e2 d5
6.exd5 Qd8xd5
7.O-O Ng8f6
8.f4 Ne5c6
9.Bc1e3 a6
10.Be2f3 Qd5d6
11.Bf3xc6 bxc6
12.Qd1f3 Bc8b7
13.Nb1c3 Ra8b8
14.Nd4b3 Nf6d7
15.Ra1d1 c5
16.Rd1xd6 Bb7xf3
17.Rd6xd7 Kxd7
18.Rf1xf3 f5
19.Be3xc5 Bf8d6
20.Nc3a4 Rh8e8
21.Kf2 Re8e4
22.Bc5xd6 cxd6
23.Na4c3 Re4e6
24.Rf3d3 Rb8c8
25.Nb3d4 Re6f6
26.Nc3d5 Rc8b8
27.Nd5xf6 gxf6
28.Nd4xf5 Rb8xb2
29.Rd3xd6 Kc7
30.Rd6xa6 Rb2xc2
31.Kg3 Kb7
32.Ra6xf6 Rc2xa2
33.Rf6f7 Kc6
34.Rf7xh7 Ra2a3
35.Kg4 Kd5
36.Rh7e7 Ra3a2
37.Nf5e3 Kd6
38.Re7e4 Ra2a8
39.f5 Ra8g8
40.Kf4 Kd7
41.g4 Rg8h8
42.Kg3 Rh8g8
43.h4 { resign }
1-0

[Event "Match"]
[Site "www.echecsemail.com"]
[Date "2019.07.10"]
[Round "1"]
[White "Karlgrocer"]
[Black "Ditto"]
[WhiteElo "1910"]
[BlackElo "1810"]
[Result "1/2-1/2"]
[Round "1"]
1.d4 d5
2.e3 Nb8c6
3.Ng1f3 Bc8f5
4.Bf1e2 e6
5.O-O Bf8d6
6.a3 Qd8f6
7.Nb1d2 Bf5g4
8.c4 Nc6b8
9.c5 Bd6e7
10.b4 Nb8d7
11.Bc1b2 Nd7b8
12.Nd2b3 c6
13.Nf3e5 Bg4f5
14.Nb3a5 Ng8h6
15.Na5xb7 Bf5e4
16.Nb7a5 Nh6f5
17.Ne5xc6 Nb8xc6
18.Na5xc6 O-O
19.Be2f3 Nf5h4
20.Bf3xe4 dxe4
21.Nc6xe7 Qf6xe7
22.Qd1c2 f5
23.Qc2c3 Qe7g5
24.g3 Nh4f3
25.Kg2 Nf3h4
26.Kg1 Nh4f3
27.Kg2 Nf3h4
28.Kh1 Nh4f3
29.Kg2 Qg5g4
30.h3 Qg4h5
31.Rf1h1 Ra8c8
32.Ra1d1 Nf3g5

1/2-1/2

[Event "Match"]
[Site "www.echecsemail.com"]
[Date "2019.07.10"]
[Round "1"]
[White "Galiany17"]
[Black "Estonia"]
[WhiteElo "1799"]
[BlackElo "1990"]
[Result "1-0"]
[Round "1"]
1.e4 c5
2.Ng1f3 d6
3.c3 Nb8c6
4.h3 Ng8f6
5.Bf1d3 e5
6.O-O Bf8e7
7.Bd3c2 O-O
8.d4 cxd4
9.cxd4 Nc6xd4
10.Nf3xd4 exd4
11.Qd1xd4 Qd8c7
12.Nb1c3 a6
13.Bc1e3 Bc8d7
14.Ra1c1 Ra8c8
15.f4 Bd7c6
16.Qd4d3 Rf8d8
17.Be3d4 g6
18.f5 d5
19.fxg6 hxg6
20.Bd4xf6 Be7xf6
21.Rf1xf6 Rd8d6
22.Rf6xd6 Qc7xd6
23.Qd3d4 Rc8d8
24.Rc1d1 Qd6g3
25.exd5 Bc6d7
26.Nc3e4 Qg3c7
27.Ne4f6 Kf8
28.d6 Qc7xc2
29.Nf6xd7 Kg8
30.Nd7f6 Kf8
31.Rd1e1 Qc2f5
32.d7 g5
33.Re1e8 Rd8xe8
34.dxe8Q Kg7
35.Qe8h8 Kg6
36.Qh8h7 
1-0

[Event "Match"]
[Site "www.echecsemail.com"]
[Date "2019.07.10"]
[Round "1"]
[White "Eeze"]
[Black "Aiko1603"]
[WhiteElo "1960"]
[BlackElo "2120"]
[Result "1-0"]
[Round "1"]
1.e4 c5
2.c3 Nb8c6
3.Ng1f3 g6
4.d3 Bf8g7
5.Bc1g5 d6
6.Nb1d2 Ng8f6
7.Bf1e2 O-O
8.O-O h6
9.Bg5e3 Nf6g4
10.Be3f4 e5
11.Bf4g3 Ng4f6
12.Qd1b3 Nc6a5
13.Qb3a3 b6
14.b4 Na5c6
15.Qa3b2 cxb4
16.cxb4 Nc6d4
17.Nf3xd4 exd4
18.b5 Nf6g4
19.Be2xg4 Bc8xg4
20.f3 Bg4e6
21.Ra1c1 Ra8c8
22.Rc1c6 Rc8xc6
23.bxc6 Qd8c7
24.Rf1c1 Rf8c8
25.Nd2b3 Be6xb3
26.axb3 Bg7e5
27.b4 b5
28.Bg3xe5 dxe5
29.Rc1c5 a6
30.Qb2b3 Qc7d6
31.Qb3d5 Qd6xd5
32.exd5 Kf8
33.Kf2 Ke7
34.Ke2 Kd6
35.f4 exf4
36.Kf3 a5
37.Rc5xb5 axb4
38.Ke4 g5
39.Kxd4 Rc8e8
40.Rb5xb4 g4
41.Rb4b7 Re8e7
42.Rb7xe7 Kxe7
43.Kc5 f3
44.d6 Ke6
45.gxf3 gxf3
46.d7 Ke7
47.Kb6 f2
48.Kc7 f1Q
49.d8Q Ke6
50.Qd8d6 Kf5
51.Qd6d5 Kg6
52.Qd5d6 { resign }
1-0

[Event "Tourn. n10142"]
[Site "www.echecsemail.com"]
[Date "2019.07.10"]
[Round "1"]
[White "Rons"]
[Black "Reignblowcan"]
[WhiteElo "2650"]
[BlackElo "2640"]
[Result "0-1"]
[Round "1"]
1.e4 c6
2.d4 d5
3.e5 Bc8f5
4.h4 h6
5.g4 Bf5h7
6.h5 e6
7.Nb1c3 c5
8.Ng1f3 Nb8c6
9.Bc1f4 cxd4
10.Nf3xd4 Nc6xd4
11.Qd1xd4 Ng8e7
12.O-O-O Ne7c6
13.Bf1b5 Bf8e7
14.Rh1g1 a6
15.Bb5xc6 bxc6
16.Bf4e3 c5
17.Qd4a4 Kf8
18.Be3f4 Ra8b8
19.Qa4xa6 g5
20.hxg6 Bh7xg6
21.a3 d4
22.Qa6c4 Qd8b6
23.Nc3a4 Qb6b7
24.Rg1g3 Kg7
25.b3 Rh8d8
26.Kb2 Bg6e4
27.g5 h5
28.g6 h4
29.Rg3g1 Qb7d5
30.Qc4xd5 Be4xd5
31.Bf4g5 Be7xg5
32.Rg1xg5 h3
33.f3 Rd8h8
34.gxf7 Kxf7
35.Rd1h1 c4
36.Na4c5 c3
37.Kb1 Rb8g8
38.Rg5xg8 Kxg8
39.Rh1h2 Kg7
40.a4 Kg6
41.Nc5d3 Kf5
42.Nd3f2 Kxe5
43.Rh2xh3 Rh8xh3
44.Nf2xh3 Bd5xf3
45.a5 Kd6
46.Nh3g5 Bf3e2
47.Ng5e4 Kc6
48.b4 Be2c4
49.Ne4f2 Kd6
50.Nf2e4 Kc7
51.Kc1 Bc4d5
52.Ne4c5 e5
53.Nc5d3 e4
54.Nd3f4 Bd5c4
55.b5 d3
56.Kd1 Kb8
57.Kc1 d2
58.Kd1 Bc4f7
59.Ke2 Bf7e8
{ resign }
0-1

[Event "Match"]
[Site "www.echecsemail.com"]
[Date "2019.07.10"]
[Round "1"]
[White "Aiko1603"]
[Black "Tbsundar"]
[WhiteElo "2130"]
[BlackElo "2180"]
[Result "1-0"]
[Round "1"]
1.c4 e5
2.Nb1c3 Ng8f6
3.g3 c6
4.Bf1g2 Bf8b4
5.d3 O-O
6.Bc1d2 d5
7.cxd5 cxd5
8.a3 Bb4xc3
9.Bd2xc3 Nb8c6
10.b4 Rf8e8
11.Ng1f3 d4
12.Bc3b2 Nf6d5
13.O-O a6
14.Qd1b3 Bc8e6
15.Qb3c2 Ra8c8
16.Qc2d2 f6
17.Nf3h4 Nc6e7
18.Bg2xd5 Qd8xd5
19.f3 Be6h3
20.Rf1f2 g5
21.Nh4g2 Ne7f5
22.e4 dxe3
23.Ng2xe3 Nf5xe3
24.Qd2xe3 Re8d8
25.Ra1d1 Qd5b3
26.Rf2d2 Rd8d7
27.Qe3b6 Rc8c6
28.Qb6a7 Bh3e6
29.Qa7b8 Kg7
30.Qb8e8 Rc6d6
31.g4 Be6d5
32.Kf2 Bd5f7
33.Qe8c8 a5
34.bxa5 h5
35.h3 Bf7g6
36.d4 exd4
37.Bb2xd4 Rd6xd4
38.Rd2xd4 Rd7xd4
39.Qc8c7 Kh6
40.Rd1xd4 Qb3b2
41.Ke3 Qb2xa3
42.Ke2 Qa3a2
43.Rd4d2 Qa2e6
44.Kf2 Qe6e5
45.Qc7xe5 fxe5
46.Rd2b2 e4
47.Rb2xb7 exf3
48.Kxf3 hxg4
49.hxg4 Bg6e8
50.Rb7b6 Kg7
51.a6 { resign }
1-0

[Event "1/64 Finale"]
[Site "www.chess-mail.com"]
[Date "2019.07.10"]
[Round "1"]
[White "Hennie4820"]
[Black "Reignblowcan"]
[WhiteElo "2050"]
[BlackElo "2640"]
[Result "0-1"]
[Round "1"]
1.e4 c6
2.d4 d5
3.Nb1d2 dxe4
4.Nd2xe4 Nb8d7
5.Ng1f3 Ng8f6
6.Bf1d3 Nf6xe4
7.Bd3xe4 g6
8.O-O Nd7f6
9.Be4d3 Bf8g7
10.Bc1g5 Bc8g4
11.c3 Qd8d5
12.Bg5xf6 Bg7xf6
13.Bd3e2 O-O
14.h3 Bg4f5
15.Rf1e1 Rf8d8
16.Qd1c1 c5
17.dxc5 Qd5xc5
18.Re1d1 Qc5b6
19.Be2c4 Rd8xd1
20.Qc1xd1 Qb6xb2
21.Ra1c1 Ra8c8
22.Bc4b3 Rc8xc3
23.Rc1xc3 Qb2xc3
24.Qd1d8 Kg7
25.Qd8e8 e6
26.Qe8b5 Bf5e4
27.Qb5e2 Be4xf3
28.Qe2xf3 Qc3e1
29.Kh2 Bf6d4
30.Qf3xb7 Bd4xf2
31.h4 Bf2g3
32.Kh3 Bg3d6
33.Qb7f3 Qe1h1
34.Kg4 f5
{ resign }
0-1

[Event "1/128 Finale"]
[Site "www.chess-mail.com"]
[Date "2019.07.10"]
[Round "1"]
[White "Argento"]
[Black "Hennie4820"]
[WhiteElo "1799"]
[BlackElo "2050"]
[Result "1-0"]
[Round "1"]
1.e4 c5
2.Ng1f3 e6
3.d3 Nb8c6
4.g3 Ng8f6
5.Bf1g2 d6
6.O-O Bf8e7
7.c4 O-O
8.Nb1c3 a6
9.d4 cxd4
10.Nf3xd4 Bc8d7
11.b3 Ra8c8
12.Nd4xc6 Bd7xc6
13.a4 h6
14.Bc1a3 b5
15.axb5 axb5
16.cxb5 Bc6b7
17.Qd1d3 Qd8b6
18.Rf1d1 Rf8e8
19.Ra1c1 Nf6g4
20.Qd3e2 Ng4f6
21.Nc3a4 Qb6a5
22.Rc1xc8 Re8xc8
23.e5 Nf6d5
24.Ba3xd6 Be7xd6
25.exd6 Rc8d8
26.Bg2xd5 Bb7xd5
27.Rd1xd5 exd5
28.Qe2e7 Rd8f8
29.b6 { resign }
1-0

[Event "Tourn. n9997"]
[Site "www.echecsemail.com"]
[Date "2019.07.11"]
[Round "1"]
[White "Seger"]
[Black "Stepanpech"]
[WhiteElo "2820"]
[BlackElo "2520"]
[Result "1/2-1/2"]
[Round "1"]
1.d4 d5
2.Ng1f3 Ng8f6
3.c4 c6
4.cxd5 cxd5
5.Nb1c3 Nb8c6
6.Bc1f4 Bc8f5
7.e3 e6
8.Ra1c1 Ra8c8
9.Nf3e5 Nc6xe5
10.Bf4xe5 Nf6d7
11.Qd1b3 Nd7xe5
12.dxe5 Bf8c5
13.Bf1b5 Ke7
14.O-O Qd8a5
15.Bb5e2 Qa5b4
16.Qb3d1 Rh8d8
17.g4 Bf5g6
18.Nc3a4 b6
19.Be2a6 Rc8c6
20.a3 Qb4e4
21.b4 d4
22.f3 Qe4xe3
23.Kg2 d3
24.bxc5 d2
25.Rc1c3 Qe3xe5
26.Rf1f2 Qe5d4
27.Rc3c4 Qd4d3
28.cxb6 Rc6xc4
29.Ba6xc4 Qd3xc4
30.Rf2xd2 Rd8xd2
31.Qd1xd2 axb6
32.Na4xb6 Qc4c2
33.Qd2xc2 Bg6xc2
34.g5 f6
35.gxf6 gxf6
36.Kf2 Kd6
37.f4 h5
38.Ke3 Bc2b3
39.a4 Kc6
40.a5 e5
41.Kf3 Bb3d1
42.Ke4 exf4
43.Kxf4 Bd1g4
44.Kg3 Kb5
45.Nb6d5 f5
46.h3 Kxa5
47.hxg4 hxg4
{ draw }
1/2-1/2

[Event "Tourn. n10140"]
[Site "www.echecsemail.com"]
[Date "2019.07.11"]
[Round "1"]
[White "Passaroa25"]
[Black "Picifarkinca"]
[WhiteElo "1770"]
[BlackElo "1810"]
[Result "1-0"]
[Round "1"]
1.b3 b6
2.Nb1c3 d5
3.d4 e6
4.e3 Bc8a6
5.Bf1xa6 Nb8xa6
6.Ng1e2 c5
7.Bc1b2 Ng8e7
8.Nc3b5 Ne7c6
9.Bb2c3 Qd8c8
10.O-O cxd4
11.Nb5xd4 f6
12.Nd4b5 Bf8e7
13.a3 O-O
14.b4 Na6c7
15.a4 Nc7xb5
16.axb5 Nc6xb4
17.Bc3xb4 Be7xb4
18.Ra1a4 Bb4c3
19.Ne2xc3 Qc8xc3
20.Ra4d4  { time }
1-0

[Event "Tourn. n10135"]
[Site "www.echecsemail.com"]
[Date "2019.07.11"]
[Round "1"]
[White "Passaroa25"]
[Black "Picifarkinca"]
[WhiteElo "1740"]
[BlackElo "1760"]
[Result "1-0"]
[Round "1"]
1.Ng1f3 d5
2.d4 e6
3.e3 c5
4.c3 Nb8c6
5.Bf1e2 Ng8f6
6.Nb1d2 b6
7.b3 Bc8b7
8.Bc1b2 Bf8e7
9.O-O O-O
10.Ra1b1 cxd4
11.Nf3xd4 Ra8c8
12.Nd4c2 e5
13.f3 Be7c5
14.Bb2a3 Qd8e7
15.Ba3xc5 bxc5
16.a4 Rf8d8
17.Nc2a3 d4
18.Na3c4 dxc3
19.Qd1c2 cxd2
20.Qc2b2 Nc6b4
21.Rf1d1 e4
22.Nc4xd2 exf3
23.Be2xf3 Qe7xe3
24.Kf1  { time }
1-0

[Event "Tourn. n10167"]
[Site "www.echecsemail.com"]
[Date "2019.07.11"]
[Round "1"]
[White "Galiany17"]
[Black "Bojan"]
[WhiteElo "2089"]
[BlackElo "1960"]
[Result "1-0"]
[Round "1"]
1.e4 e5
2.Ng1f3 d6
3.d4 exd4
4.Nf3xd4 Bc8d7
5.Bf1c4 Nb8c6
6.Nb1c3 Nc6a5
7.Bc4xf7 Kxf7
8.Qd1h5 g6
9.Qh5d5 Ke8
10.Qd5xa5 Bf8g7
11.Bc1g5 Ng8e7
12.O-O-O h6
13.Bg5xe7 Kxe7
14.Nc3d5 Kf7
15.Nd5xc7 Kf6
16.Qa5c3 Ke7
17.Nd4f5 { resign }
1-0

[Event "Tourn. n10129"]
[Site "www.echecsemail.com"]
[Date "2019.07.11"]
[Round "1"]
[White "Fabos12"]
[Black "Kevinking"]
[WhiteElo "1870"]
[BlackElo "1910"]
[Result "0-1"]
[Round "1"]
1.d4 f5
2.Ng1f3 d6
3.g3 Ng8f6
4.c4 e6
5.Bf1g2 Bf8e7
6.Nb1c3 O-O
7.O-O Nb8c6
8.Rf1e1 Bc8d7
9.e4 fxe4
10.Nc3xe4 Nf6xe4
11.Bc1e3 Ne4f6
12.Ra1c1 Qd8e8
13.a3 e5
14.d5 Nc6d8
15.b4 Nd8f7
16.c5 Bd7g4
17.Qd1b3 Qe8d7
18.Nf3d2 Bg4h3
19.f4 Bh3xg2
20.Kxg2 exf4
21.Be3xf4 Rf8e8
22.c6 Qd7c8
23.Re1e2 { time. }
0-1

[Event "Fast Game"]
[Site "www.echecsemail.com"]
[Date "2019.07.11"]
[Round "1"]
[White "Galiany17"]
[Black "Hennie4820"]
[WhiteElo "1599"]
[BlackElo "1570"]
[Result "1-0"]
[Round "1"]
1.e4 c5
2.Ng1f3 e6
3.d4 cxd4
4.Nf3xd4 Ng8f6
5.Nb1c3 Qd8b6
6.Nd4b3 Nb8c6
7.Bc1e3 Qb6c7
8.a3 a6
9.f4 d6
10.Bf1d3 Bf8e7
11.Qd1f3 b5
12.O-O Bc8b7
13.Qf3h3 e5
14.Nc3d5 Ra8c8
15.Qh3g3 g6
16.f5 Nf6h5
17.Qg3f3 Qc7d8
18.fxg6 fxg6
19.Qf3f7 Kd7
20.Bd3e2 Qd8e8
21.Be2g4 Kd8
22.Be3b6 { resign }
1-0

[Event "Tourn. n10110"]
[Site "www.echecsemail.com"]
[Date "2019.07.12"]
[Round "1"]
[White "Orhany24"]
[Black "Picifarkinca"]
[WhiteElo "2080"]
[BlackElo "2070"]
[Result "1-0"]
[Round "1"]
1.e4 e5
2.Ng1f3 Nb8c6
3.Bf1c4 Bf8c5
4.c3 Ng8f6
5.O-O d6
6.d4 Bc5b6
7.Bc1g5 O-O
8.h3 Qd8e7
9.d5 Nc6b8
10.Bc4d3 c6
11.c4 Nb8d7
12.Nb1c3 Qe7e8
13.Qd1d2 Bb6d8
14.Ra1e1 h6
15.Bg5xh6 gxh6
16.Qd2xh6 Nf6h7
17.Qh6xd6 Nh7f6
18.Qd6b4 Bd8e7
19.Qb4b3 Nd7c5
20.Qb3c2 Be7d6
21.a3 a5
22.Re1e3 Nf6h7
23.Nf3h4 Kh8
24.Nh4f5 Bc8xf5
25.exf5 Nc5xd3
26.Qc2xd3 Nh7f6
27.Nc3e4 Qe8e7
28.Rf1e1 Nf6h5
29.Qd3e2 Nh5f4
30.Qe2g4 Rf8g8
31.f6 Rg8xg4
32.fxe7 Rg4xg2
33.Kf1 Ra8g8
34.Re3g3  { time }
1-0

[Event "Tourn. n10145"]
[Site "www.echecsemail.com"]
[Date "2019.07.12"]
[Round "1"]
[White "Asoka"]
[Black "Seger"]
[WhiteElo "2750"]
[BlackElo "2820"]
[Result "1/2-1/2"]
[Round "1"]
1.d4 Ng8f6
2.c4 e6
3.Ng1f3 d5
4.Bc1g5 dxc4
5.Qd1a4 Nb8d7
6.e3 c5
7.Bf1xc4 cxd4
8.Nf3xd4 Bf8e7
9.O-O O-O
10.Qa4c2 Nd7e5
11.Bc4e2 Bc8d7
12.Nb1c3 Ne5g6
13.Rf1d1 Qd8c7
14.Bg5xf6 Be7xf6
15.Nc3e4 Qc7xc2
16.Ne4xf6 gxf6
17.Nd4xc2 Ra8c8
18.Ra1c1 Rf8d8
19.g3 e5
20.Nc2e1 Rc8xc1
21.Rd1xc1 Bd7e6
22.a3 e4
23.f4 Ng6e7
24.g4 f5
25.g5 Kg7
26.h4 h6
27.Rc1c2 Rd8d7
28.Kf1 Be6b3
29.Rc2c3 Bb3a4
30.Ne1g2 f6
31.Ke1 Ba4c6
32.gxh6 Kxh6
33.Rc3c2 a5
34.Be2c4 Bc6a4
35.Rc2d2 { draw }
1/2-1/2

[Event "Tourn. n10141"]
[Site "www.echecsemail.com"]
[Date "2019.07.12"]
[Round "1"]
[White "Picifarkinca"]
[Black "Esperanza"]
[WhiteElo "1830"]
[BlackElo "2060"]
[Result "0-1"]
[Round "1"]
1.b3 d6
2.Bc1b2 Nb8d7
3.f4 Ng8f6
4.Ng1f3 g6
5.e3 Bf8g7
6.Bf1e2 O-O
7.O-O e5
8.fxe5 Nf6g4
9.d4 Ng4xe3
10.Qd1d3 Ne3xf1
11.Be2xf1 dxe5
12.dxe5 Nd7c5
13.Qd3c4 Nc5e6
14.Nb1d2 Bc8d7
15.Ra1e1 Bd7c6
16.Nd2e4 Qd8e7
17.Ne4f6 Kh8
18.Qc4h4 h6
 { time }
0-1

[Event "Tourn. n10151"]
[Site "www.echecsemail.com"]
[Date "2019.07.12"]
[Round "1"]
[White "Picifarkinca"]
[Black "Estonia"]
[WhiteElo "1830"]
[BlackElo "1970"]
[Result "0-1"]
[Round "1"]
1.g3 d5
2.d4 Ng8f6
3.Bf1g2 g6
4.Ng1f3 Bf8g7
5.O-O O-O
6.c4 dxc4
7.Nb1a3 Nb8c6
8.Na3xc4 Bc8g4
9.Nc4e5 Nc6xe5
10.Nf3xe5 Bg4c8
11.e3 c6
12.Bc1d2 Nf6d5
13.Ne5d3 b6
14.Ra1c1 Bc8b7
15.Bd2c3 Ra8c8
16.Nd3b4 a5
17.Nb4xd5 cxd5
18.Rf1e1 b5
19.a3 e6
20.Qd1d2 a4
21.Bc3b4 Rf8e8
22.Bg2f1 Qd8d7
 { time }
0-1

[Event "Tourn. n10160"]
[Site "www.echecsemail.com"]
[Date "2019.07.12"]
[Round "1"]
[White "Francesco"]
[Black "Apdash"]
[WhiteElo "2190"]
[BlackElo "2230"]
[Result "0-1"]
[Round "1"]
1.d4 d5
2.c4 c6
3.Ng1f3 Ng8f6
4.Bc1g5 e6
5.e3 Bf8e7
6.Bf1d3 Nb8d7
7.O-O dxc4
8.Bd3xc4 O-O
9.Nb1c3 b5
10.Bc4b3 Bc8b7
11.a3 a6
12.Ra1c1 Ra8c8
13.Qd1d3 c5
14.Bb3c2 c4
15.Qd3e2 h6
16.Bg5h4 Nf6d5
17.Nc3xd5 Bb7xd5
18.Bh4xe7 Qd8xe7
19.Bc2b1 f5
20.Rf1d1 Nd7f6
21.Nf3e5 Kh7
22.f3 Nf6d7
23.Ne5xd7 Qe7xd7
24.h3 g6
25.e4 Bd5a8
26.exf5 exf5
27.Qe2e5 Rc8e8
28.Qe5c5 Re8e2
29.Rc1c2 Rf8e8
30.Rc2xe2 Re8xe2
31.Qc5b4 Qd7c7
32.Rd1e1 Ba8xf3
33.Re1xe2 Bf3xe2
34.Qb4e1 Be2d3
35.Kf2 Qc7f4
36.Kg1 Qf4xd4
37.Kh2 Bd3xb1
38.Qe1xb1 h5
{ resign }
0-1